000 00455nam a2200181Ia 4500
001 13637
005 20260306164815.0
008 260306t2007||||xx |||||||||||||| ||spa||
041 _aESP
082 _a005.1
_bP85 2007
100 _aPressman, Roger S.
_eAUT
245 0 _aIngeniería del software:
_bun enfoque práctico
260 _c2007
300 _axxvii, 958 páginas :
_c24 cm.
650 _aGEN
654 _aCCC
942 _cLIB
_dJUS
_fJUS
_2ddc
_n
999 _c13637
_d13637